| 000 | 01073nac a22003137a 4500 | ||
|---|---|---|---|
| 001 | BR8104470 | ||
| 003 | BR-BrBNA | ||
| 005 | 20240105115033.0 | ||
| 008 | 230509b bl.|||m| |||| 00| 0 por d | ||
| 040 |
_aBR-BrBNA _bpor _cBiblioteca Nacional de Agricultura |
||
| 072 | _aE50 | ||
| 090 | _aE50 BR8104470 | ||
| 100 | 1 | _aGalvao, M.R.S. | |
| 100 | 1 | _aSampaio, Y. | |
| 110 | 1 | _aUniversidade Federal de Pernambuco, Recife (Brasil). Depto. de Economia | |
| 245 | 1 |
_aEfeitos e impacto de saude em um projeto de desenvolvimento rural integrado [Regiao Nordeste, Brasil] _bCurso de Mestrado em Economia - PIMES |
|
| 260 | 3 |
_aRecife, PE (Brasil): _c1981. |
|
| 300 | _a19 p. | ||
| 490 |
_aTexto para Discussao - Universidade Federal de Pernambuco. Depto. de Economia (Brazil) _vno. 110 _x |
||
| 500 | _a6 tables | ||
| 650 | _aPLANEJAMENTO RURAL | ||
| 650 | _aSAUDE | ||
| 650 | _aCOMUNIDADE RURAL | ||
| 650 | _aASSISTENCIA SOCIAL | ||
| 650 | _aBAIXA RENDA | ||
| 650 | _aREGIAO NORDESTE | ||
| 909 |
_a202312 _bLúcia Elande _c55 _dLúcia Elande |
||
| 942 |
_2AGRIS _n0 _cMS |
||
| 999 |
_c272690 _d272690 |
||